000 00486nam a2200181Ia 4500
005 20250326125206.0
008 250326s9999 xx 000 0 und d
037 _aTextbook
040 _aFMSL
_beng
_cFMSL
041 _aeng
_2eng
084 _aX:97D.56 J3
_qFMSL
100 _aCole G D H
245 0 _aAttempts at general union
_cCole G D H
260 _aLondon
_bLondon, Macmillan
_c1953
300 _a218p
942 _cTB
_hX:97D.56 J3
999 _c1276944
_d1276944